Теория переноса и защита от ионизирующего излучения: учебное пособие

Bibliographic Details
Main Author: Данейкин Ю. В. Юрий Викторович
Corporate Author: Национальный исследовательский Томский политехнический университет (ТПУ)
Other Authors: Колпаков Г. Н. Геннадий Николаевич, Хадкевич А. В. Антон Валерьевич
Summary:Заглавие с титульного экрана
Электронная версия печатной публикации
В пособии изложены основы теории переноса ионизирующих излучений. Рассмотрены элементарные процессы взаимодействия излучения с веществом. Даны принципы построения и приближения, используемые при решении кинетического уравнения переноса. Описаны инженерные методы расчета защиты от излучений ядерного реактора. Пособие разработано в рамках реализации Инновационной образовательной программы ТПУ по направлению "Атомная энергетика, ядерный топливный цикл, безопасное обращение с радиактивными отходами и отработанным ядерным топливом, обеспечение безопасности и противодействия терроризму" и предназначено для студентов, обучающихся по направлениям 010700 "Физика", 140300 "Ядерные физика и технологии".
Режим доступа: из корпоративной сети ТПУ
Language:Russian
Published: Томск, Изд-во ТПУ, 2009
Subjects:
Online Access:http://www.lib.tpu.ru/fulltext2/m/2012/m146.pdf
Format: Electronic Book
KOHA link:https://koha.lib.tpu.ru/cgi-bin/koha/opac-detail.pl?biblionumber=212628

MARC

LEADER 00000nlm0a2200000 4500
001 212628
005 20231101225753.0
035 |a (RuTPU)RU\TPU\book\232296 
090 |a 212628 
100 |a 20120328d2009 m y0rusy50 ca 
101 0 |a rus 
102 |a RU 
105 |a a j 001zy 
135 |a drnn ---uucaa 
200 1 |a Теория переноса и защита от ионизирующего излучения  |e учебное пособие  |b электронный ресурс  |f Ю. В. Данейкин, Г. Н. Колпаков, А. В. Хадкевич  |g Национальный исследовательский Томский политехнический университет (ТПУ) 
210 |a Томск  |c Изд-во ТПУ  |d 2009 
230 |a 1 компьютерный файл (pdf; 1.43 MB) 
300 |a Заглавие с титульного экрана 
300 |a Электронная версия печатной публикации 
330 |a В пособии изложены основы теории переноса ионизирующих излучений. Рассмотрены элементарные процессы взаимодействия излучения с веществом. Даны принципы построения и приближения, используемые при решении кинетического уравнения переноса. Описаны инженерные методы расчета защиты от излучений ядерного реактора. Пособие разработано в рамках реализации Инновационной образовательной программы ТПУ по направлению "Атомная энергетика, ядерный топливный цикл, безопасное обращение с радиактивными отходами и отработанным ядерным топливом, обеспечение безопасности и противодействия терроризму" и предназначено для студентов, обучающихся по направлениям 010700 "Физика", 140300 "Ядерные физика и технологии". 
333 |a Режим доступа: из корпоративной сети ТПУ 
337 |a Adobe Reader 
452 1 |0 (RuTPU)RU\TPU\book\221436  |t Теория переноса и защита от ионизирующего излучения  |o учебное пособие  |f Ю. В. Данейкин, Г. Н. Колпаков, А. В. Хадкевич  |g Томский политехнический университет (ТПУ)  |c Томск  |n Изд-во ТПУ  |d 2009  |p 139 с.  |a Данейкин, Юрий Викторович 
606 1 |a Ионизирующие излучения  |x Взаимодействия с веществом  |2 stltpush  |3 (RuTPU)RU\TPU\subj\39579  |9 59582 
606 1 |a Ядерные реакторы  |x Защита  |2 stltpush  |3 (RuTPU)RU\TPU\subj\21628  |9 46585 
610 1 |a теория переноса 
610 1 |a уравнения 
610 1 |a математические модели 
610 1 |a построение 
610 1 |a приближение 
610 1 |a расчеты 
610 1 |a инженерные методы 
610 1 |a учебные пособия 
610 1 |a труды учёных ТПУ 
610 1 |a электронный ресурс 
675 |a 539.12(075.8)  |v 3 
675 |a 621.039.538(075.8)  |v 3 
700 1 |a Данейкин  |b Ю. В.  |c российский физик  |c доцент Томского политехнического университета, кандидат физико-математических наук  |f 1978-  |g Юрий Викторович  |2 stltpush  |3 (RuTPU)RU\TPU\pers\25387 
701 1 |a Колпаков  |b Г. Н.  |c российский физик  |c доцент Томского политехнического университета, кандидат физико-математических наук  |f 1943-  |g Геннадий Николаевич  |2 stltpush  |3 (RuTPU)RU\TPU\pers\25613 
701 1 |a Хадкевич  |b А. В.  |c физик  |c ассистент кафедры физико-энергетических установок Томского политехнического университета  |g Антон Валерьевич  |2 stltpush  |3 (RuTPU)RU\TPU\pers\28849 
712 0 2 |a Национальный исследовательский Томский политехнический университет (ТПУ)  |c (2009- )  |2 stltpush  |3 (RuTPU)RU\TPU\col\15902 
801 1 |a RU  |b 63413507  |c 20111101 
801 2 |a RU  |b 63413507  |c 20140204  |g RCR 
856 4 |u http://www.lib.tpu.ru/fulltext2/m/2012/m146.pdf 
942 |c CF